000 00197 a2200085 4500
020 _a9781770097995
082 _bJR 590.068
100 _aMathhews Lynne
_9179211
245 _aMammals of Southern Africa
999 _c752155
_d752154
942 _w395
_xKholofelo Moabelo
_y395
_zKholofelo Moabelo